Logo BPK

Biblioteka

Politechniki Koszalińskiej

Unterhaltungsliteratur : (Rekord nr 50290)

Szczegóły MARC
000 -ETYKIETA REKORDU
podpole kontrolne o stałej długości 00773nam a2200253 i 4500
001 - NUMER KONTROLNY REKORDU
pole kontrolne bgj
020 ## - MIĘDZYNARODOWY ZNORMALIZOWANY NUMER KSIĄŻKI - ISBN
ISBN 3525334028
040 ## - ŹRÓDŁO KATALOGOWANIA
Instytucja, która utworzyła rekord BPK
041 0# - KOD JĘZYKA
Kod języka tekstu ger
044 ## - KOD KRAJU WYDAWCY/PRODUCENTA
Kod kraju wydawcy/producenta DEU
080 ## - UNIWERSALNA KLASYFIKACJA DZIESIĘTNA - UKD
UKD 82
920 ## - Międzynarodowy znormalizowany numer książki – ISBN
ISBN 3-525-33402-8
008 - POLE O STAŁEJ DŁUGOŚCI - DANE KONTROLNE
podpole kontrolne o stałej długości s gw f |000 0 ger
245 10 - TYTUŁ/ODPOWIEDZIALNOŚĆ
Tytuł Unterhaltungsliteratur :
Ciąg dalszy tytułu zu ihrer Theorie und Verteidigung /
Pozostałe elementy strefy tytułu i oznaczenia odpowiedzialności mit Beiträgen von Johannes Anderegg, Jörg Hienger, Kaspar H. Spinner; hrsg. von Jörg Hienger.
260 ## - STREFA ADRESU WYDAWNICZEGO
Miejsce wydania Göttingen :
Nazwa wydawcy/dystrybutora Vandenhoeck und Ruprecht,
Data publikacji, dystrybucji/powstania dokumentu 1976.
300 ## - STREFA OPISU FIZYCZNEGO
Objętość 117 s. ;
Rozmiary 19 cm.
490 1# - STREFA SERII I DOKUMENTU WIELOCZĘŚCIOWEGO - FORMA NIE DO WYSZUKIWANIA
Tytuł i oznaczenie odpowiedzialności serii Kleine Vandenhoeck-Reihe
Numeracja w obrębie serii Bd. 1423
650 9# - HASŁO PRZEDMIOTOWE W FORMIE NAZWY OGÓLNEJ LUB JEDNOSTKOWEJ
Nazwa ogólna lub geograficzna Literatura
700 1# - HASŁO DODATKOWE - NAZWA OSOBOWA
Nazwa osobowa ANDEREGG, Johannes.
700 1# - HASŁO DODATKOWE - NAZWA OSOBOWA
Nazwa osobowa HIENGER, Jörg.
700 1# - HASŁO DODATKOWE - NAZWA OSOBOWA
Nazwa osobowa SPINNER, Kaspar H.
830 ## - HASŁO DODATKOWE SERII LUB DOKUMENTU WIELOCZĘŚCIOWEGO - TYTUŁ UJEDNOLICONY
Tytuł ujednolicony Kleine Vandenhoeck-Reihe
856 ## - LOKALIZACJA I DOSTĘP DO ELEKTRONICZNYCH DOKUMENTÓW ZDALNYCH
Link (URL) http://koha.tu.koszalin.pl/cgi-bin/koha/opac-detail.pl?biblionumber=50290
Tekst linku Katalog online BPK
942 ## - DODATKOWE ELEMENTY (KOHA)
Typ dokumentu Książka
Egzemplarze
Wycofany Status egzemplarza Uszkodzony Dostępność Lokalizacja stała Lokalizacja bieżąca Miejsce przechowywania Sygnatura Kod kreskowy Typ dokumentu
      Dostępny Biblioteka Politechniki Koszalińskiej Biblioteka Politechniki Koszalińskiej Wypożyczalnia Językowa N 179 02120232 Książka
© 2023 Biblioteka Politechniki Koszalińskiej :: KOHA